| 000 | 00367nam a22001337a 4500 | ||
|---|---|---|---|
| 020 | _a0-7131-32590 | ||
| 082 | _a620.11 | ||
| 100 |
_aCASE, JOHN ,CHILVER, A. _975776 |
||
| 245 | _aSTRENGTH OF MATERIALS AND STRUCTURES,AN INTRODUCTION TO THE MECHANICS OF SOLIDS AND STRUCTURES | ||
| 250 | _a2ND | ||
| 260 |
_aLONDON _bELBS _c1986 |
||
| 300 | _aXII, 404P | ||
| 942 | _cBK | ||
| 999 |
_c581175 _d581175 |
||